[Event "Helmond Rapid op"]
[Site "Helmond"]
[Date "2023.06.10"]
[Round "6"]
[White "Den Heijer, Rolinde"]
[Black "Van der Hagen, Loek"]
[Result "0-1"]
[WhiteElo "1747"]
[BlackElo "2285"]
[PlyCount "94"]
[EventDate "2023.06.10"]
[EventType "swiss (rapid)"]
[EventRounds "9"]
[EventCountry "NED"]
[SourceTitle "CBM 214 Extra"]
[Source "ChessBase"]
[SourceDate "2023.07.31"]
[SourceVersion "1"]
[SourceVersionDate "2023.07.31"]
[SourceQuality "1"]

1. e4 c5 2. Nf3 d6 3. d4 cxd4 4. Nxd4 Nf6 5. Nc3 Nc6 6. Be2 e5 7. Nb3 Be7 8. Bg5 Nxe4 9. Bxe7 Nxc3 10. Bxd8 Nxd1 11. Rxd1 Kxd8 12. Rxd6+ Ke7 13. Rd2 Bf5 14. 0-0 Rhd8 15. Rfd1 g5 16. c3 Be6 17. Nc5 b6 18. Nxe6 Kxe6 19. Bc4+ Ke7 20. Bb5 Rxd2 21. Rxd2 Rd8 22. Rxd8 Nxd8 23. Kf1 Kd6 24. Ke2 f5 25. Bd3 e4 26. Bc4 f4 27. b4 h5 28. Bg8 Ke5 29. a4 a5 30. bxa5 bxa5 31. Kd2 Nb7 32. g3 Nc5 33. Bf7 h4 34. Be8 e3+ 35. Ke2 exf2 36. gxh4 gxh4 37. Bc6 Ne4 38. Bxe4 Kxe4 39. Kxf2 Kd3 40. Kf3 Kxc3 41. Kxf4 Kb4 42. Kg4 Kxa4 43. Kxh4 Kb4 44. Kg5 a4 45. h4 a3 46. h5 a2 47. h6 a1Q 0-1

[Event "EU-ch U18 Girls 30th"]
[Site "Antalya"]
[Date "2022.11.11"]
[Round "6"]
[White "Maghlakelidze, Rusudan"]
[Black "Den Heijer, Rolinde"]
[Result "1-0"]
[WhiteElo "1700"]
[BlackElo "1800"]
[PlyCount "65"]
[EventDate "2022.11.06"]
[EventType "swiss"]
[EventRounds "9"]
[EventCountry "TUR"]
[SourceTitle "EXT 2024"]
[Source "ChessBase"]
[SourceDate "2023.10.10"]
[SourceVersion "1"]
[SourceVersionDate "2023.10.10"]
[SourceQuality "1"]

1. c4 e6 2. Nc3 d5 3. d4 c5 4. cxd5 exd5 5. Nf3 Nf6 6. Bg5 Be6 7. g3 Nc6 8. Bg2 Be7 9. 0-0 0-0 10. dxc5 Bxc5 11. Qa4 h6 12. Bh4 g5 13. Nxg5 hxg5 14. Bxg5 Be7 15. Rad1 Nd7 16. Bh6 Nb6 17. Qf4 Bd6 18. Qc1 Re8 19. Nxd5 Nxd5 20. Bxd5 Rc8 21. Bg5 f6 22. Qb1 Kg7 23. Bf4 Bxd5 24. Rxd5 Ne5 25. Rfd1 Rc6 26. Qf5 Nf7 27. Qg4+ Kf8 28. Rh5 Qc7 29. Rh7 Ke7 30. Qg6 Ke6 31. Qe4+ Be5 32. Qd5+ Ke7 33. Rxf7# 1-0

[Event "NED-ch U16/U18 Girls"]
[Site "Almelo"]
[Date "2021.08.06"]
[Round "6"]
[White "Den Heijer, Rolinde"]
[Black "Zubair, Javeria Komal"]
[Result "1/2-1/2"]
[WhiteElo "1483"]
[BlackElo "1490"]
[PlyCount "121"]
[EventDate "2021.08.01"]
[EventType "swiss"]
[EventRounds "7"]
[EventCountry "NED"]
[SourceTitle "EXT 2022"]
[Source "ChessBase"]
[SourceDate "2021.10.06"]
[SourceVersion "1"]
[SourceVersionDate "2021.10.06"]
[SourceQuality "1"]

1. e4 c5 2. Nf3 e6 3. d4 cxd4 4. Nxd4 Nc6 5. Nc3 Nf6 6. a3 a6 7. Be2 Bc5 8. Nb3 Ba7 9. Bg5 Qb6 10. Rf1 Ng8 11. Qd3 Ne5 12. Qg3 Ng6 13. 0-0-0 Bb8 14. Qd3 Bf4+ 15. Bxf4 Nxf4 16. Qg3 Nxe2+ 17. Nxe2 g6 18. Qc3 f6 19. g4 Qc6 20. Qd4 e5 21. Qd3 Ne7 22. f4 exf4 23. Rxf4 0-0 24. e5 fxe5 25. Rxf8+ Kxf8 26. Rf1+ Ke8 27. Qh3 h5 28. gxh5 d5 29. Qe3 Bf5 30. c3 Qb5 31. Qxe5 Qxb3 32. Rxf5 gxf5 33. Qh8+ Kf7 34. Qxa8 Qc4 35. Nd4 f4 36. Kc2 f3 37. Nxf3 Qe4+ 38. Kb3 Qc4+ 39. Kc2 Qe4+ 40. Kc1 Qxf3 41. Qxb7 Qxh5 42. Qxa6 Qxh2 43. a4 Qh1+ 44. Kc2 Nf5 45. Qb7+ Kf6 46. Qb6+ Ke5 47. a5 Qe4+ 48. Kb3 Qc4+ 49. Ka3 Nd6 50. Qb4 Qf1 51. Qd4+ Ke6 52. Kb3 Qb5+ 53. Qb4 Qe2 54. Qb6 Ke5 55. Qc7 Qb5+ 56. Kc2 Qa4+ 57. b3 Qa2+ 58. Kd3 Qb1+ 59. Kd2 Qb2+ 60. Ke1 Qc1+ 61. Ke2 1/2-1/2